Movies Tags Extraction and Segmentation Using Deep Learning (Record no. 65467)

MARC details
000 -LEADER
fixed length control field 00391nam a22001217a 4500
100 ## - MAIN ENTRY--AUTHOR NAME
Personal name Yasir Ahmed Khan
-- 15-MSSE-14
-- Supervisor - Dr. Umair Ali Khan
245 ## - TITLE STATEMENT
Title Movies Tags Extraction and Segmentation Using Deep Learning
260 ## - PUBLICATION, DISTRIBUTION, ETC. (IMPRINT)
Place of publication Nawabshah
Name of publisher QUEST
Year of publication 2019
300 ## - PHYSICAL DESCRIPTION
Number of Pages 40p.
700 ## - ADDED ENTRY--PERSONAL NAME
Personal name Department of Information Technology
856 ## - ELECTRONIC LOCATION AND ACCESS
Uniform Resource Identifier http://tinyurl.com/yu8uknsk
942 ## - ADDED ENTRY ELEMENTS (KOHA)
Koha item type Thesis and Dissertation
Holdings
Withdrawn status Lost status Home library Current library Date acquired Accession Number Koha item type
    Research Section Research Section 27/09/2019 MP/45-508 Thesis and Dissertation
    Research Section Research Section 20/12/2023 MP/54-681 Thesis and Dissertation